Géographie européenne par lettre - D - Statistiques

Statistiques générales
  • Ce quiz a été pris 911 fois
  • Le résultat moyen est 10 sur 20
Statistiques - réponses
indice répondre % Correct
Le plus long fleuve de l'UE Danube
97%
Pays scandinave Danemark
96%
Ville célèbre pour la moutarde Dijon
96%
Nom allemand pour l'Allemagne Deutschland
93%
Ville majeure de la région Rhin-Ruhr Düsseldorf
62%
Ville allemande dévastée par un bombardement allié en 1945 Dresde
59%
Maison de la brasserie Guinness Dublin
56%
Accueil aux falaises blanches Douvres
52%
Ville fortifiée dans le sud de la Croatie Dubrovnik
49%
Région historique du sud de la Croatie Dalmatie
45%
Détroit turc qui rencontre la mer Égée Dardanelles
41%
Ville d'évacuation britannique en 1940 Dunkerque
36%
Ville de ski suisse et hôte du Forum économique mondial Davos
35%
Rivière sur laquelle Kiev se trouve Dniepr
31%
Fleuve qui coule vers la mer à Porto Douro
26%
Ville écossaise sur le l’estuaire du fleuve Tay Dundee
21%
La ville rebaptisée Londonderry en 1613 Derry
19%
Nom précédent de la ville polonaise de Gdańsk Dantzig
16%
Terme pour une levée aux Pays-Bas digue
10%
Capitale de l'île de Man Douglas
10%
Aucun quiz correspondant
Distribution des résultats
% des personnes avec chaque résultat
Percentile par nombre de réponses
Votre historique - résultats
Vous n’avez pas pris ce quiz